Transforming facilities to aid changing work styles (Record no. 80748)

MARC details
000 -LEADER
fixed length control field 00911cab a22001935a 4500
001 - CONTROL NUMBER
control field L145247
008 - FIXED-LENGTH DATA ELEMENTS--GENERAL INFORMATION
fixed length control field 080918s2008 xxk f 000 0 eng d
035 ## - SYSTEM CONTROL NUMBER
System control number (Sirsi) u145247
041 0# - LANGUAGE CODE
Language code of text/sound track or separate title eng
100 1# - MAIN ENTRY--PERSONAL NAME
Personal name Wheeler, Gary
245 00 - TITLE STATEMENT
Title Transforming facilities to aid changing work styles
260 ## - PUBLICATION, DISTRIBUTION, ETC.
Date of publication, distribution, etc. 2008
490 #0 - SERIES STATEMENT
Series statement Facilities Management
Volume/sequential designation 15(12) September 2008, 19-21(3)
520 ## - SUMMARY, ETC.
Summary, etc. Discusses how work environments that support quiet concentration, collaboration, learning and socialisation can increase worker productivity. Covers: the benefits of a re-designed work environment; four work modes; the new workplace revolution; fit vs fat companies. Includes a self-evaluation checklist to assess how fit your business is. Gives ten tips on ?slimming down? the business.
590 ## - LOCAL NOTE (RLIN)
Local note KA
651 #4 - SUBJECT ADDED ENTRY--GEOGRAPHIC NAME
Geographic name International
690 ## - LOCAL SUBJECT ADDED ENTRY--TOPICAL TERM (OCLC, RLIN)
Topical term or geographic name as entry element PROPERTY-COMMERCIAL PROPERTY-OFFICE PROPERTY- OFFICES
942 ## - ADDED ENTRY ELEMENTS (KOHA)
Suppress in OPAC 0
Holdings
Withdrawn status Lost status Source of classification or shelving scheme Damaged status Not for loan Home library Current library Shelving location Date acquired Total Checkouts Full call number Barcode Date last seen Copy number Price effective from Koha item type
    Dewey Decimal Classification     London London Journal article 18/09/2008   L145247 145247-1001 06/08/2019 1 06/08/2019 Journal article